Statistics for Players That Liverpool Bought With Luis Suarez Money

Click here to take the quiz!

General Stats

  • This quiz has been taken 1,090 times
  • The average score is 6 of 8

Answer Stats

Bought FromPlayer% Correct
SouthamptonAdam Lallana
92%
SouthamptonDejan Lovren
80%
SouthamptonRickie Lambert
74%
Bayer LeverkusenEmre Can
67%
SevillaAlberto Moreno
66%
BenficaLazar Markovic
65%
LilleDivock Origi
61%
AC MilanMario Balotelli
61%

Score Distribution

Percentile by Number Answered

Percent of People with Each Score

Your Score History

You have not taken this quiz